=LDR 00000nam 2200000 4500 =001 INLIS000000000016152 =005 20200721104102 =035 ##$$a 0010-061300000016152 =008 200721###########################0###### =041 ##$$a Ind =082 ##$$a 2x6.61 =090 ##$$a 2x6.61, Roh i =100 ##$$a Rohardjo, M. Dawam =245 1#$$a Intelektual inteliginsia dan perilaku politik bangsa, Risolof cendikiawan muslim, M. Dawam Rohardjo =260 ##$$a 1993 :$b Bandung =300 ##$$a 504 hlm., 22 cm =650 #4$$a Islam, pembaharuan =850 ##$$a NBPNMAT =990 ##$$a 51.492/pb95